000 00437nam a2200169 4500
001 15585
005 20230410104018.0
008 060907n2002 dr spa
035 _9funglode15715
041 _aES
050 1 4 _aCE ENL 0006
110 _aENLACE
245 1 3 _aLa política de financiamineto externo de la administración Mejía /
_cENLACE
260 _aSanto Domingo,
_c2002
300 _ap.v.
942 _2lcc
_cbk
999 _c30265
_d30265